000 00858nam a22002177a 4500
005 20240530110919.0
008 220221s2002 ua a g b 000 0 ara d
040 _aEG-CaGPL
_cEG-CaGPL
082 0 4 _221
_a333.736\
_bج ت
100 0 _aجرينجر ، الان
245 1 2 _aالتصحر : التهديد والمجابهة /
_cالان جرينجر ؛ ترجمة عاطف معتمد وامال شاور ؛ مراجعة يوسف عبدالمجيد فايد
250 _aط.1
260 _aالقاهرة :
_bالمجلس الاعلى للاثار،
_c2002
300 _a418 ص؛
_c24 سم
650 0 7 _aالتصحر
_2qrmak
651 _2qrmak
700 0 _aعاطف معتمد وامال شاور
_eمترجم
700 0 _aيوسف عبدالمجيد فايد
_eمراجع
942 _2ddc
_cBK
999 _c66453
_d66453